[Event "EU-Cup 31st"]
[Site "Skopje"]
[Date "2015.10.23"]
[Round "6.5"]
[White "Steffens, Olaf"]
[Black "Pettersson, Anders"]
[Result "1-0"]
[WhiteElo "2291"]
[BlackElo "2317"]
[PlyCount "93"]
[EventDate "2015.10.18"]
[EventType "team-swiss"]
[EventRounds "7"]
[EventCountry "MKD"]
[SourceTitle "CBM 169"]
[Source "ChessBase"]
[SourceDate "2015.11.10"]
[SourceVersion "1"]
[SourceVersionDate "2015.11.10"]
[SourceQuality "1"]
[WhiteTeam "Werder Bremen"]
[BlackTeam "Viking Team"]
[WhiteTeamCountry "GER"]
[BlackTeamCountry "SWE"]

1. b4 e5 2. a3 d5 3. Bb2 Bd6 4. c4 c6 5. Nf3 Nd7 6. e3 Ngf6 7. Nc3 0-0 8. Qc2 a5 9. b5 Re8 10. bxc6 bxc6 11. cxd5 cxd5 12. Nb5 Bb8 13. Rc1 Qb6 14. Qxc8 Rxc8 15. Rxc8+ Nf8 16. a4 Qb7 17. Rc1 Ng6 18. Be2 e4 19. Nfd4 Be5 20. 0-0 Qd7 21. Rc2 h6 22. Rfc1 Nh4 23. h3 Ng6 24. Rc6 Ne7 25. R6c2 Kh7 26. Ba3 Nfg8 27. Rc5 Ra6 28. Kf1 Rf6 29. Bg4 Qb7 30. Rc7 Bxc7 31. Rxc7 Qb8 32. Bxe7 Nxe7 33. Rxe7 Qh2 34. f4 exf3 35. Bxf3 g5 36. Ke2 h5 37. Nc3 g4 38. hxg4 hxg4 39. Bxd5 Qg1 40. Rd7 Kg7 41. Kd3 Rf2 42. Rb7 Qf1+ 43. Nce2 Rf6 44. Rb5 Rd6 45. Kc4 Qf2 46. Nc3 Rd7 47. Bc6 1-0

[Event "Vaxjo Visma IM-A"]
[Site "Vaxjo"]
[Date "2015.06.25"]
[Round "2"]
[White "Rydstrom, Tom"]
[Black "Pettersson, Anders"]
[Result "1/2-1/2"]
[WhiteElo "2279"]
[BlackElo "2310"]
[PlyCount "50"]
[EventDate "2015.06.24"]
[EventType "tourn"]
[EventRounds "9"]
[EventCountry "SWE"]
[EventCategory "4"]
[SourceTitle "CBM 167 Extra"]
[Source "ChessBase"]
[SourceDate "2015.09.14"]
[SourceVersion "1"]
[SourceVersionDate "2015.09.14"]
[SourceQuality "1"]

1. e4 c5 2. Nf3 Nc6 3. d4 cxd4 4. Nxd4 g6 5. Be3 Bg7 6. Nc3 Nf6 7. f3 0-0 8. Nb3 d5 9. exd5 Nb4 10. Bc4 Qc7 11. Bc5 Qe5+ 12. Be2 Nbxd5 13. Nxd5 Nxd5 14. Bd4 Qg5 15. Bxg7 Ne3 16. Qd2 Nxg2+ 17. Kf2 Nf4 18. Bxf8 Qh4+ 19. Kf1 Bh3+ 20. Kg1 Qg5+ 21. Kf2 Qh4+ 22. Kg1 Qg5+ 23. Kf2 Qh4+ 24. Kg1 Qg5+ 25. Kf2 Qh4+ 1/2-1/2

[Event "Norrkoeping Easter op"]
[Site "Norrkoeping"]
[Date "2015.04.05"]
[Round "6"]
[White "Pettersson, Anders"]
[Black "Sagit, Rauan"]
[Result "1/2-1/2"]
[WhiteElo "2278"]
[BlackElo "2362"]
[PlyCount "72"]
[EventDate "2015.04.03"]
[EventType "swiss"]
[EventRounds "8"]
[EventCountry "SWE"]
[SourceTitle "CBM 165 Extra"]
[Source "ChessBase"]
[SourceDate "2015.04.21"]
[SourceVersion "1"]
[SourceVersionDate "2015.04.21"]
[SourceQuality "1"]

1. d4 f5 2. g3 Nf6 3. Bg2 g6 4. Nf3 Bg7 5. 0-0 0-0 6. b3 Ne4 7. Bb2 c5 8. c3 d5 9. Ne5 e6 10. Nd2 Qc7 11. Nxe4 fxe4 12. f3 exf3 13. Rxf3 Rxf3 14. Nxf3 cxd4 15. Nxd4 Nc6 16. e4 dxe4 17. Nxc6 bxc6 18. Bxe4 Bb7 19. Qe2 Qb6+ 20. Kg2 Rf8 21. Rf1 Rxf1 22. Kxf1 Ba6 23. Bd3 Bxd3 24. Qxd3 Qa5 25. Qe2 Qd5 26. Kg1 Bf8 27. h4 Bg7 28. c4 Qd6 29. Kg2 Bxb2 30. Qxb2 e5 31. Qe2 Qd4 32. b4 e4 33. b5 cxb5 34. cxb5 Qd5 35. Kf2 Qc5+ 36. Kg2 Qd5 1/2-1/2

[Event "Rilton Cup 44th"]
[Site "Stockholm"]
[Date "2015.01.05"]
[Round "9"]
[White "Pettersson, Anders"]
[Black "Sjodahl, Pontus"]
[Result "0-1"]
[WhiteElo "2280"]
[BlackElo "2421"]
[PlyCount "88"]
[EventDate "2014.12.27"]
[EventType "swiss"]
[EventRounds "9"]
[EventCountry "SWE"]
[SourceTitle "CBM 164 Extra"]
[Source "ChessBase"]
[SourceDate "2015.03.02"]
[SourceVersion "1"]
[SourceVersionDate "2015.03.02"]
[SourceQuality "1"]

1. d4 Nf6 2. c4 e6 3. Nf3 d5 4. Nc3 Bb4 5. Bg5 h6 6. Bxf6 Qxf6 7. e3 0-0 8. Bd3 dxc4 9. Bxc4 c5 10. 0-0 cxd4 11. exd4 Nc6 12. Ne4 Qf4 13. Qe2 b6 14. g3 Qg4 15. a3 Be7 16. Rfe1 Bb7 17. Rad1 Rad8 18. b4 a5 19. b5 Na7 20. Qd3 Bxa3 21. h3 Qf5 22. Nh4 Qh5 23. Nf6+ gxf6 24. Qxa3 Nxb5 25. Qb2 Nd6 26. Qxb6 Nxc4 27. Qxb7 Qd5 28. Qe7 Kg7 29. Qc7 Rd7 30. Qf4 Rfd8 31. Rc1 Rc8 32. Qg4+ Qg5 33. Qe2 Nb6 34. Rxc8 Nxc8 35. Nf3 Qh5 36. Kg2 Ne7 37. Rc1 Qd5 38. Rc5 Qa8 39. Qd2 a4 40. Rh5 Ng8 41. Ra5 Ra7 42. Rb5 a3 43. Qa2 Ne7 44. Rb3 Qd5 0-1

[Event "Norrkoeping Easter op"]
[Site "Norrkoeping"]
[Date "2013.03.31"]
[Round "6"]
[White "Brynell, Stellan"]
[Black "Pettersson, Anders"]
[Result "1-0"]
[WhiteElo "2485"]
[BlackElo "2268"]
[PlyCount "67"]
[EventDate "2013.03.29"]
[EventType "swiss"]
[EventRounds "8"]
[EventCountry "SWE"]
[SourceTitle "CBM 153 Extra"]
[Source "ChessBase"]
[SourceDate "2013.04.22"]
[SourceVersion "1"]
[SourceVersionDate "2013.04.22"]
[SourceQuality "1"]

1. d4 d5 2. Nf3 Nf6 3. c4 c6 4. Nc3 e6 5. Bg5 dxc4 6. e4 b5 7. e5 h6 8. Bh4 g5 9. Nxg5 hxg5 10. Bxg5 Nbd7 11. g3 Bb7 12. Bg2 Qb6 13. exf6 c5 14. d5 0-0-0 15. 0-0 b4 16. Na4 Qa6 17. a3 b3 18. Nc3 Ne5 19. Qe2 Nd3 20. dxe6 Bxg2 21. Kxg2 fxe6 22. Rad1 Bh6 23. h4 Rdg8 24. Ne4 Rd8 25. f3 Bf8 26. Rd2 Bd6 27. Rfd1 Bc7 28. Qe3 Qc6 29. f7 Rd5 30. Be7 Rf5 31. f8Q+ Rhxf8 32. Bxf8 Rxf8 33. Rxd3 cxd3 34. Qxc5 1-0

[Event "EU-Cup 28th"]
[Site "Eilat"]
[Date "2012.10.15"]
[Round "5.6"]
[White "Pettersson, Anders"]
[Black "Kaatiala, Pekka"]
[Result "1-0"]
[WhiteElo "2274"]
[BlackElo "1946"]
[PlyCount "65"]
[EventDate "2012.10.11"]
[EventType "team-swiss"]
[EventRounds "7"]
[EventCountry "ISR"]
[SourceTitle "CBM 151"]
[Source "ChessBase"]
[SourceDate "2012.11.13"]
[SourceVersion "1"]
[SourceVersionDate "2012.11.13"]
[SourceQuality "1"]
[WhiteTeam "Team Viking"]
[BlackTeam "Tammer Shakki"]
[WhiteTeamCountry "SWE"]
[BlackTeamCountry "FIN"]

1. d4 d6 2. c4 e5 3. e3 Nd7 4. Bd3 Ngf6 5. Nc3 g6 6. Nge2 Bg7 7. 0-0 0-0 8. b4 c6 9. b5 d5 10. bxc6 bxc6 11. Ba3 dxc4 12. Bxc4 Re8 13. Qb3 Re7 14. Bxe7 Qxe7 15. Rab1 h5 16. d5 cxd5 17. Nxd5 Nxd5 18. Bxd5 Rb8 19. Qc2 Nb6 20. Bb3 Ba6 21. e4 Rc8 22. Qd2 Kh7 23. Rfd1 Bh6 24. Qe1 h4 25. h3 Nc4 26. Nc3 Nb6 27. Nd5 Nxd5 28. Rxd5 Rc7 29. Qa5 Rc6 30. Qd8 Qxd8 31. Rxd8 Kg7 32. Rd7 Rf6 33. Bd5 1-0

[Event "EU-Cup 28th"]
[Site "Eilat"]
[Date "2012.10.13"]
[Round "3.6"]
[White "Kaufeld, Juergen"]
[Black "Pettersson, Anders"]
[Result "1/2-1/2"]
[WhiteElo "2326"]
[BlackElo "2274"]
[PlyCount "111"]
[EventDate "2012.10.11"]
[EventType "team-swiss"]
[EventRounds "7"]
[EventCountry "ISR"]
[SourceTitle "CBM 151"]
[Source "ChessBase"]
[SourceDate "2012.11.13"]
[SourceVersion "1"]
[SourceVersionDate "2012.11.13"]
[SourceQuality "1"]
[WhiteTeam "Eynatten"]
[BlackTeam "Team Viking"]
[WhiteTeamCountry "BEL"]
[BlackTeamCountry "SWE"]

1. d4 Nf6 2. Nf3 e6 3. g3 b6 4. c4 Bb7 5. Bg2 Be7 6. 0-0 0-0 7. Nc3 d6 8. Qc2 Nbd7 9. e4 e5 10. d5 a5 11. b3 Nc5 12. Rb1 Bc8 13. a3 Nh5 14. b4 Na6 15. Ne1 f5 16. exf5 Bxf5 17. Be4 g6 18. Ng2 Bg5 19. Be3 Qf6 20. Qe2 Bh3 21. f3 Bxe3+ 22. Qxe3 Kh8 23. Bd3 Qg7 24. Ne4 Bf5 25. Ng5 Bd7 26. Qe2 Bc8 27. Ne3 Qe7 28. Ne4 Nf6 29. Nd1 Nxe4 30. Bxe4 axb4 31. axb4 Bb7 32. Nc3 Nb8 33. Nb5 c6 34. Nc3 c5 35. bxc5 bxc5 36. Bd3 Na6 37. Ne4 Nb4 38. Ra1 Rxa1 39. Rxa1 Bc8 40. Kg2 Bf5 41. Qe3 Nxd3 42. Qxd3 Rb8 43. Ra2 Qb7 44. Qe3 Qb1 45. Rf2 Bxe4 46. fxe4 Rb2 47. Rxb2 Qxb2+ 48. Kh3 Qb1 49. Qg5 Qxe4 50. Qf6+ Kg8 51. Qe6+ Kg7 52. Qxd6 Qf5+ 53. Kg2 Qe4+ 54. Kh3 Qf5+ 55. Kg2 Qe4+ 56. Kh3 1/2-1/2

[Event "Norrkoeping Easter op"]
[Site "Norrkoeping"]
[Date "2012.04.09"]
[Round "8"]
[White "Karlsson, Lars"]
[Black "Pettersson, Anders"]
[Result "0-1"]
[WhiteElo "2473"]
[BlackElo "2258"]
[PlyCount "62"]
[EventDate "2012.04.06"]
[EventType "swiss"]
[EventRounds "8"]
[EventCountry "SWE"]
[SourceTitle "CBM 147 Extra"]
[Source "ChessBase"]
[SourceDate "2012.04.24"]
[SourceVersion "1"]
[SourceVersionDate "2012.04.24"]
[SourceQuality "1"]

1. f4 g6 2. Nf3 Bg7 3. e4 c5 4. Nc3 Nc6 5. Bb5 Nd4 6. Bc4 d6 7. f5 gxf5 8. 0-0 Nf6 9. d3 fxe4 10. Nxd4 cxd4 11. Rxf6 Bxf6 12. Nxe4 d5 13. Nxf6+ exf6 14. Bb3 a5 15. Qf3 Be6 16. Ba4+ Bd7 17. Bxd7+ Qxd7 18. Qxf6 Rg8 19. Bf4 Ra6 20. Qe5+ Re6 21. Qb8+ Qd8 22. Qxb7 Kf8 23. Rf1 Rg7 24. Qa7 Kg8 25. Kh1 Qe8 26. Bg3 Rxg3 27. hxg3 Rh6+ 28. Kg1 Qe3+ 29. Rf2 Qe1+ 30. Rf1 Qe3+ 31. Rf2 Rf6 0-1

[Event "Norrkoeping Easter op"]
[Site "Norrkoeping"]
[Date "2012.04.08"]
[Round "6"]
[White "Ulybin, Mikhail"]
[Black "Pettersson, Anders"]
[Result "1-0"]
[WhiteElo "2515"]
[BlackElo "2258"]
[PlyCount "87"]
[EventDate "2012.04.06"]
[EventType "swiss"]
[EventRounds "8"]
[EventCountry "SWE"]
[SourceTitle "CBM 147 Extra"]
[Source "ChessBase"]
[SourceDate "2012.04.24"]
[SourceVersion "1"]
[SourceVersionDate "2012.04.24"]
[SourceQuality "1"]

1. d4 d5 2. c4 e5 3. dxe5 d4 4. Nf3 Nc6 5. Nbd2 Bb4 6. g3 Be6 7. Qc2 Nge7 8. Bg2 Ng6 9. 0-0 Qd7 10. Nb3 Bf5 11. Qd1 d3 12. e3 Ngxe5 13. Nxe5 Nxe5 14. Bd2 Be7 15. Bc3 f6 16. Bxb7 Rb8 17. Bg2 0-0 18. Bd4 c6 19. Rc1 Rb4 20. f4 Nf7 21. Qd2 Rfb8 22. Na5 c5 23. Bc3 R4b6 24. Bd5 Kf8 25. e4 Bh3 26. Rf2 Nd8 27. Qxd3 Ne6 28. Qd1 g6 29. f5 Nd4 30. Bxd4 cxd4 31. Qxd4 Qa4 32. Nb3 g5 33. Nc5 Qa5 34. Nd7+ Kg7 35. e5 Rd8 36. exf6+ Rxf6 37. Nxf6 Bxf6 38. Qe3 Rxd5 39. cxd5 Qxd5 40. Qxa7+ Kh6 41. Qb6 Qe5 42. Qc5 Qb8 43. Rd1 Be5 44. Rd7 1-0

[Event "Gibraltar Challengers-B 10th"]
[Site "Caleta"]
[Date "2012.02.01"]
[Round "4"]
[White "Pettersson, Anders"]
[Black "Buchkremer, Felix"]
[Result "1-0"]
[WhiteElo "2219"]
[BlackElo "2080"]
[PlyCount "163"]
[EventDate "2012.01.28"]
[EventType "swiss"]
[EventRounds "5"]
[EventCountry "GGB"]
[SourceTitle "CBM 146 Extra"]
[Source "ChessBase"]
[SourceDate "2012.02.29"]
[SourceVersion "1"]
[SourceVersionDate "2012.02.29"]
[SourceQuality "1"]

1. d4 e6 2. c4 f5 3. g3 Nf6 4. Bg2 Be7 5. Nc3 0-0 6. Nf3 d6 7. 0-0 a5 8. Qc2 Nc6 9. a3 e5 10. dxe5 dxe5 11. Rd1 Qe8 12. Nd5 Bd8 13. Bg5 Qf7 14. Be3 e4 15. Ng5 Qh5 16. h4 h6 17. Nh3 Qf7 18. Nhf4 g5 19. hxg5 hxg5 20. Nh3 Nh7 21. Qc3 Qh5 22. Rd2 Ne7 23. Bc5 Nxd5 24. cxd5 Rf7 25. d6 f4 26. d7 Bxd7 27. Rad1 Bf6 28. Qb3 Bxh3 29. Bxe4 c6 30. Qc2 Kg7 31. Bf3 Bg4 32. Rd7 Bxf3 33. exf3 Nf8 34. g4 Qg6 35. Rxf7+ Qxf7 36. Qf5 Qg6 37. Bxf8+ Rxf8 38. Qxa5 Rf7 39. Qd2 c5 40. Qd5 b6 41. b4 cxb4 42. axb4 Re7 43. Qc6 Be5 44. Qb5 Qf6 45. Kg2 Bd4 46. Qd3 Bc3 47. Qc4 Be5 48. Rd5 Qe6 49. Qb5 Bf6 50. Rd8 Rc7 51. Rb8 Qc6 52. Qd3 Rd7 53. Qb3 Qd5 54. Qc2 Qd3 55. Qc6 Qd6 56. Qc8 Bd8 57. Ra8 Qd5 58. Ra1 Rc7 59. Qa6 b5 60. Rh1 Bf6 61. Qb6 Qb7 62. Qe6 Rc3 63. Rh3 Qc8 64. Qe4 Qg8 65. Qb7+ Kg6 66. Qe4+ Kg7 67. Qb7+ Kg6 68. Qxb5 Rc7 69. Qf5+ Kg7 70. b5 Rf7 71. b6 Bd8 72. Qb5 Rb7 73. Qc6 Rxb6 74. Qd7+ Kg6 75. Qf5+ Kg7 76. Qd7+ Kg6 77. Rh1 Rf6 78. Re1 Rf7 79. Qc8 Bf6 80. Qxg8+ Rg7 81. Qe8+ Kh7 82. Rh1# 1-0

[Event "Gibraltar Masters 10th"]
[Site "Caleta"]
[Date "2012.01.31"]
[Round "8"]
[White "Pavlovic, Milos"]
[Black "Pettersson, Anders"]
[Result "1-0"]
[WhiteElo "2531"]
[BlackElo "2219"]
[PlyCount "63"]
[EventDate "2012.01.24"]
[EventType "swiss"]
[EventRounds "10"]
[EventCountry "GGB"]
[SourceTitle "CBM 147"]
[Source "ChessBase"]
[SourceDate "2012.03.16"]
[SourceVersion "1"]
[SourceVersionDate "2012.03.16"]
[SourceQuality "1"]

1. Nf3 c5 2. c4 Nf6 3. g3 d5 4. Bg2 Nc6 5. 0-0 e5 6. d3 Be7 7. Nc3 d4 8. Na4 h6 9. e4 Bd7 10. Bd2 a6 11. b3 b5 12. Nb2 b4 13. Nh4 0-0 14. Nf5 Re8 15. Nxe7+ Qxe7 16. Qe2 a5 17. f4 Ra6 18. f5 Rea8 19. g4 Nh7 20. Rf3 Nd8 21. Na4 Bxa4 22. bxa4 Kf8 23. Raf1 Ke8 24. Rg3 Kd7 25. g5 hxg5 26. Qg4 Rh6 27. f6+ Qe6 28. fxg7 Qxg4 29. g8Q Qe6 30. Qg7 Ke7 31. Rxg5 Nc6 32. Rgf5 1-0

[Event "Gibraltar Masters 10th"]
[Site "Caleta"]
[Date "2012.01.25"]
[Round "2"]
[White "Pettersson, Anders"]
[Black "Sutovsky, Emil"]
[Result "0-1"]
[WhiteElo "2219"]
[BlackElo "2703"]
[PlyCount "76"]
[EventDate "2012.01.24"]
[EventType "swiss"]
[EventRounds "10"]
[EventCountry "GGB"]
[SourceTitle "CBM 147"]
[Source "ChessBase"]
[SourceDate "2012.03.16"]
[SourceVersion "1"]
[SourceVersionDate "2012.03.16"]
[SourceQuality "1"]

1. d4 Nf6 2. c4 g6 3. Nc3 d5 4. cxd5 Nxd5 5. e4 Nxc3 6. bxc3 Bg7 7. Bc4 0-0 8. Ne2 Nc6 9. 0-0 b6 10. Rb1 Bb7 11. Be3 Qd6 12. Qd2 Rad8 13. Rfd1 Na5 14. Bd3 e5 15. f3 Qc6 16. d5 Qa4 17. Qc1 Qd7 18. c4 c6 19. dxc6 Qxc6 20. c5 bxc5 21. Qxc5 Bh6 22. Bf2 Qxc5 23. Bxc5 Rfe8 24. Bxa7 Ra8 25. Bb6 Ba6 26. Nc3 Nc4 27. Nd5 Reb8 28. Bc7 Rxb1 29. Bxb1 Nb2 30. Re1 Bd2 31. Rf1 Bxf1 32. Kxf1 Nc4 33. Ke2 Bg5 34. Bc2 Rxa2 35. Kd3 Na3 36. Nb4 Rb2 37. Bd6 f6 38. Kc3 Rxc2+ 0-1

[Event "Norrkoeping Easter op"]
[Site "Norrkoeping"]
[Date "2011.04.24"]
[Round "6"]
[White "Pettersson, Anders"]
[Black "Ernst, Thomas"]
[Result "1-0"]
[WhiteElo "2156"]
[BlackElo "2419"]
[PlyCount "69"]
[EventDate "2011.04.22"]
[EventType "swiss"]
[EventRounds "8"]
[EventCountry "SWE"]
[SourceTitle "CBM 141 Extra"]
[Source "ChessBase"]
[SourceDate "2011.05.03"]
[SourceVersion "1"]
[SourceVersionDate "2011.05.03"]
[SourceQuality "1"]

1. d4 Nf6 2. c4 g6 3. Nc3 Bg7 4. e4 d6 5. f3 0-0 6. Be3 Nc6 7. Nge2 a6 8. Qd2 Rb8 9. Nc1 e5 10. Nb3 exd4 11. Nxd4 Nxd4 12. Bxd4 Be6 13. Be2 c5 14. Be3 Qb6 15. 0-0 Qb4 16. Rab1 Rfd8 17. a3 Qb3 18. Rfc1 Bxc4 19. Bd1 Qb6 20. Na4 Qc6 21. Rxc4 b5 22. Rcc1 bxa4 23. Qa5 Nd7 24. Bxa4 Qb6 25. Qxb6 Nxb6 26. Bd1 c4 27. a4 Rdc8 28. a5 Nd7 29. Be2 Bxb2 30. Rxc4 Nc5 31. Rd1 Nb3 32. Bb6 Bc3 33. Rd5 Nc1 34. Rxc8+ Rxc8 35. Bxa6 1-0